00552 2200229 4500001002100000005001700021008004100038020001800079035002400097090001500121100001200136245002700148250001100175260002700186300002800213650001800241850001500259980001500274985000600289986001200295999001500307YOGYA-0209000000398320090227020655.0 ind  a979-731-034-5 0010-020900000003983 a539bMul F aMULYONO aFisika moderncMulyono aCet. 1 aYogyakartabAndic2003 avi, 95 hlmbilusc23 cm aFisika modern aYOPDYOG(B) a04-20-2006 a1 aMrRTREV a03P0004686